[Event "BCF-chT4 2223 (4NCL)"]
[Site "England"]
[Date "2023.03.26"]
[Round "8.73"]
[White "Rida, Ruqayyah"]
[Black "Bromilow, Edward"]
[Result "1-0"]
[WhiteElo "1786"]
[BlackElo "1778"]
[PlyCount "169"]
[EventDate "2022.11.05"]
[EventType "team-swiss"]
[EventRounds "11"]
[EventCountry "ENG"]
[SourceTitle "EXT 2024"]
[Source "ChessBase"]
[SourceDate "2023.10.10"]
[SourceVersion "1"]
[SourceVersionDate "2023.10.10"]
[SourceQuality "1"]
[WhiteTeam "She Plays To Win Lionesses"]
[BlackTeam "Ashfield II"]
[WhiteTeamCountry "ENG"]
[BlackTeamCountry "ENG"]

1. e4 c6 2. d4 d5 3. Nc3 dxe4 4. Nxe4 Nf6 5. Nxf6+ exf6 6. c3 Bd6 7. Bd3 0-0 8. Qc2 Re8+ 9. Ne2 h5 10. Be3 Nd7 11. 0-0-0 Nf8 12. Kb1 Be6 13. c4 Rc8 14. a3 b5 15. Ng3 a5 16. c5 Be7 17. Bf5 Qd5 18. Bxe6 Nxe6 19. Qf5 Qxf5+ 20. Nxf5 Bf8 21. Nd6 Bxd6 22. cxd6 Nf8 23. Rhe1 Red8 24. Bd2 Rxd6 25. Bxa5 Ne6 26. Bb6 Rd5 27. Rc1 Kf8 28. Red1 Ke7 29. b3 Kd7 30. Kc2 Ra8 31. Ra1 Ra6 32. Bc5 Kc7 33. b4 Ra8 34. f3 Kd7 35. Kc3 h4 36. a4 bxa4 37. Kc4 a3 38. Kb3 a2 39. Rxa2 Rxa2 40. Kxa2 Nxc5 41. bxc5 Rg5 42. Rd2 Ke6 43. Kb3 Kd5 44. Kc3 f5 45. Re2 f6 46. Kd3 f4 47. h3 Rg3 48. Re8 Rxg2 49. Rd8+ Ke6 50. Rd6+ Kf5 51. d5 cxd5 52. c6 Rg1 53. Kc2 Rg2+ 54. Kc3 Rg1 55. Kd2 Rg2+ 56. Kd3 Rg1 57. Rxd5+ Ke6 58. Rc5 Rd1+ 59. Ke4 Rd8 60. Kxf4 Rd4+ 61. Ke3 Rd8 62. Ke4 Rc8 63. f4 g6 64. Rc1 Rc7 65. Kd4 Kd6 66. Rg1 Rg7 67. f5 g5 68. Re1 g4 69. Re6+ Kc7 70. hxg4 Rxg4+ 71. Kd5 h3 72. Re7+ Kd8 73. Rh7 Rg3 74. Ke6 Rc3 75. c7+ Kc8 76. Kxf6 Rxc7 77. Rxh3 Rc6+ 78. Kg7 Rc7+ 79. Kg8 Rc4 80. f6 Rg4+ 81. Kf8 Rf4 82. f7 Kd7 83. Kg7 Rg4+ 84. Kf6 Rg1 85. Rf3 1-0

[Event "Checkmate Covid Rematch"]
[Site "Chess.com INT"]
[Date "2021.06.06"]
[Round "?"]
[White "Wiwatanadate, Poompong"]
[Black "Bromilow, Edward"]
[Result "1-0"]
[WhiteElo "2043"]
[BlackElo "1807"]
[PlyCount "59"]
[EventDate "2021.06.05"]
[EventType "swiss (blitz)"]
[EventRounds "20"]
[EventCountry "ENG"]
[SourceTitle "CBM 202 Extra"]
[Source "ChessBase"]
[SourceDate "2021.07.31"]
[SourceVersion "1"]
[SourceVersionDate "2021.07.31"]
[SourceQuality "1"]

1. e4 c6 2. Nc3 d5 3. Nf3 Nf6 4. e5 Ne4 5. d3 Nc5 6. d4 Ne4 7. Bd3 Nxc3 8. bxc3 Bg4 9. h3 Bxf3 10. Qxf3 e6 11. 0-0 Qb6 12. Qg3 c5 13. Be3 c4 14. Rab1 Qc7 15. Be2 Nc6 16. f4 g6 17. f5 gxf5 18. Bg5 Rg8 19. Qh4 h6 20. Bf6 b6 21. a4 Na5 22. Rf3 Qd7 23. Rg3 Rg6 24. Bh5 Rxg3 25. Qxg3 Qxa4 26. Qg8 Qd7 27. Rf1 Nc6 28. Rf3 Ne7 29. Qxf7+ Kd8 30. Qxf8+ 1-0

[Event "Checkmate Covid Rematch"]
[Site "Chess.com INT"]
[Date "2021.06.05"]
[Round "?"]
[White "Bromilow, Edward"]
[Black "Badacsonyi, Frankie"]
[Result "0-1"]
[WhiteElo "1807"]
[BlackElo "1511"]
[PlyCount "90"]
[EventDate "2021.06.05"]
[EventType "swiss (blitz)"]
[EventRounds "20"]
[EventCountry "ENG"]
[SourceTitle "CBM 202 Extra"]
[Source "ChessBase"]
[SourceDate "2021.07.31"]
[SourceVersion "1"]
[SourceVersionDate "2021.07.31"]
[SourceQuality "1"]

1. e4 e6 2. d4 d5 3. exd5 exd5 4. Nf3 Nf6 5. Bd3 Bd6 6. 0-0 0-0 7. c4 dxc4 8. Bxc4 Bg4 9. h3 Bh5 10. g4 Bg6 11. Ne5 Nbd7 12. f4 Be4 13. g5 Bxe5 14. fxe5 Ne8 15. Qg4 Bg6 16. Be3 c5 17. Nc3 cxd4 18. Bxd4 Qc7 19. b3 Nxe5 20. Bxe5 Qxe5 21. Nd5 Nd6 22. Rae1 Qb2 23. Rf2 Qa3 24. h4 Nxc4 25. bxc4 Rfe8 26. Ne7+ Rxe7 27. Rxe7 Qxe7 28. h5 Bd3 29. Qd4 Rd8 30. Qc3 Qxg5+ 31. Rg2 Qc5+ 32. Kh1 f6 33. Qxf6 Qxh5+ 34. Kg1 Rd7 35. Qe6+ Qf7 36. Qe3 Bxc4 37. Rf2 Rd1+ 38. Kh2 Qh5+ 39. Qh3 Rh1+ 40. Kxh1 Qxh3+ 41. Rh2 Bd5+ 42. Kg1 Qg3+ 43. Kf1 Qxh2 44. Ke1 Bc4 45. a4 Qe2# 0-1

[Event "South Normanton 4NCL op-B 23rd"]
[Site "South Normanton"]
[Date "2019.10.06"]
[Round "4"]
[White "Bromilow, Edward"]
[Black "Hirst, Joe"]
[Result "0-1"]
[WhiteElo "1867"]
[BlackElo "1660"]
[PlyCount "62"]
[EventDate "2019.10.04"]
[EventType "swiss"]
[EventRounds "5"]
[EventCountry "ENG"]
[SourceTitle "CBM 193 Extra"]
[Source "ChessBase"]
[SourceDate "2020.01.31"]
[SourceVersion "1"]
[SourceVersionDate "2020.01.31"]
[SourceQuality "1"]

1. d4 d6 2. e4 Nf6 3. Nc3 c6 4. Nf3 Bg4 5. h3 Bh5 6. Bd3 e6 7. Bf4 Be7 8. Qe2 0-0 9. g4 Bg6 10. 0-0-0 b5 11. Rdg1 b4 12. Nd1 Qa5 13. Kb1 d5 14. exd5 Nxd5 15. Bd2 Bxd3 16. Qxd3 Nd7 17. Ne5 Nxe5 18. dxe5 Rfd8 19. Qe2 c5 20. c4 bxc3 21. Nxc3 Qb6 22. Nxd5 Rxd5 23. f4 c4 24. Bc3 Rd3 25. Rc1 a5 26. Rhd1 Rad8 27. Rxd3 Rxd3 28. Kc2 Qb5 29. Qg2 Rd5 30. Qe2 Bc5 31. b3 cxb3+ 0-1

[Event "BCF-chT3 1112 (4NCL)"]
[Site "England"]
[Date "2012.04.01"]
[Round "8.175"]
[White "Mallon, Gunnar"]
[Black "Bromilow, Edward"]
[Result "1/2-1/2"]
[WhiteElo "1553"]
[BlackElo "1872"]
[PlyCount "66"]
[EventDate "2011.11.12"]
[EventType "team-swiss"]
[EventRounds "11"]
[EventCountry "ENG"]
[SourceTitle "EXT 2013"]
[Source "ChessBase"]
[SourceDate "2012.11.22"]
[SourceVersion "1"]
[SourceVersionDate "2012.11.22"]
[SourceQuality "1"]
[WhiteTeam "AMCA Cheetahs"]
[BlackTeam "Bristol III"]
[WhiteTeamCountry "ENG"]
[BlackTeamCountry "ENG"]

1. c4 f5 2. Nc3 Nf6 3. g3 e5 4. Bg2 Nc6 5. e4 d6 6. d3 Be7 7. Nge2 0-0 8. 0-0 Qe8 9. h3 fxe4 10. dxe4 Be6 11. Nd5 Bd8 12. Be3 Ne7 13. f4 Nexd5 14. cxd5 exf4 15. dxe6 fxe3 16. Qb3 Kh8 17. Qxb7 Be7 18. e5 dxe5 19. Qxa8 Qxa8 20. Bxa8 Rxa8 21. Rf5 Bd6 22. g4 Re8 23. g5 Ne4 24. e7 Kg8 25. Kg2 Nd2 26. Rf8+ Rxf8 27. exf8Q+ Kxf8 28. Rc1 Kf7 29. Rc3 Kg6 30. h4 Kf5 31. Rxe3 Kg4 32. Rh3 Ne4 33. Nc3 Nxc3 1/2-1/2

[Event "BCF-chT3 1011 (4NCL)"]
[Site "England"]
[Date "2011.01.15"]
[Round "3.38"]
[White "Burke, Steven J"]
[Black "Bromilow, Edward"]
[Result "1/2-1/2"]
[WhiteElo "2040"]
[BlackElo "1930"]
[PlyCount "32"]
[EventDate "2010.11.06"]
[EventType "team-swiss"]
[EventRounds "9"]
[EventCountry "ENG"]
[SourceTitle "EXT 2012"]
[Source "ChessBase"]
[SourceDate "2011.11.24"]
[SourceVersion "1"]
[SourceVersionDate "2011.11.24"]
[SourceQuality "1"]
[WhiteTeam "e2e4.org.uk III"]
[BlackTeam "Bristol II"]
[WhiteTeamCountry "ENG"]
[BlackTeamCountry "ENG"]

1. f4 e5 2. fxe5 d6 3. Nf3 Nc6 4. Nc3 Nxe5 5. d4 Nxf3+ 6. exf3 Nf6 7. Bd3 d5 8. Be3 Be7 9. Qd2 Be6 10. Ne2 Qd7 11. a3 0-0-0 12. b3 Bf5 13. Ng3 Bxd3 14. Qxd3 Rhe8 15. 0-0 g6 16. Rfe1 Bf8 1/2-1/2

[Event "BCF-chT2d 0910 (4NCL) Demotion pool"]
[Site "England"]
[Date "2010.05.03"]
[Round "11.7"]
[White "Hackett, David G"]
[Black "Bromilow, Edward"]
[Result "1-0"]
[WhiteElo "2140"]
[BlackElo "1922"]
[PlyCount "67"]
[EventDate "2009.10.24"]
[EventType "team-tourn"]
[EventRounds "4"]
[EventCountry "ENG"]
[SourceTitle "EXT 2010"]
[Source "ChessBase"]
[SourceDate "2010.11.25"]
[SourceVersion "1"]
[SourceVersionDate "2010.11.25"]
[SourceQuality "1"]
[WhiteTeam "Brown Jack"]
[BlackTeam "Bristol"]
[WhiteTeamCountry "ENG"]
[BlackTeamCountry "ENG"]

1. e4 c6 2. d4 d5 3. exd5 cxd5 4. c4 Nf6 5. Nc3 e6 6. Nf3 Bb4 7. Bd3 0-0 8. 0-0 Bxc3 9. bxc3 dxc4 10. Bxc4 Qc7 11. Qd3 b6 12. Re1 Nbd7 13. Ba3 Re8 14. Ne5 Bb7 15. Bb3 Rad8 16. Qh3 Be4 17. Ba4 Bf5 18. g4 Nxg4 19. Nxg4 Bxg4 20. Qxg4 Qxc3 21. Bd6 Nf6 22. Qf4 Nd7 23. Rac1 Qa5 24. Bc6 Qxa2 25. Bc7 e5 26. dxe5 Nc5 27. Bxe8 Rxe8 28. Qc4 Qd2 29. Re3 Re6 30. Bd6 h5 31. Qc2 Qb4 32. Bxc5 bxc5 33. Rd1 Re8 34. Qe2 1-0

[Event "BCF-chT3 0910 (4NCL)"]
[Site "England"]
[Date "2010.05.02"]
[Round "10.4"]
[White "Bromilow, Edward"]
[Black "Brookfield, Toby"]
[Result "1-0"]
[WhiteElo "1922"]
[BlackElo "1796"]
[PlyCount "79"]
[EventDate "2009.10.24"]
[EventType "team-tourn"]
[EventRounds "11"]
[EventCountry "ENG"]
[SourceTitle "EXT 2011"]
[Source "ChessBase"]
[SourceDate "2010.11.26"]
[SourceVersion "1"]
[SourceVersionDate "2010.11.26"]
[SourceQuality "1"]
[WhiteTeam "Bristol II"]
[BlackTeam "Guernsey Mates"]
[WhiteTeamCountry "ENG"]
[BlackTeamCountry "ENG"]

1. d4 f5 2. Bg5 g6 3. e4 fxe4 4. f3 e3 5. Nc3 Bg7 6. Bc4 Nc6 7. Bxe3 Nf6 8. Qd2 d5 9. Bb5 Bd7 10. a3 0-0 11. Nge2 a6 12. Bd3 e5 13. 0-0-0 b5 14. dxe5 Nxe5 15. Bc5 Re8 16. Nd4 c6 17. Kb1 a5 18. Rhe1 Qc7 19. Qf4 Nh5 20. Qd2 b4 21. Na4 bxa3 22. Bxa3 Nxd3 23. Qxd3 Nf4 24. Qd2 Rxe1 25. Rxe1 Nxg2 26. Re7 Qxh2 27. Rxd7 Qg1+ 28. Ka2 Qxd4 29. Rxg7+ Qxg7 30. Qxg2 Qd4 31. b3 Re8 32. Bb2 Qf4 33. Qh3 Qf5 34. Qg3 Rf8 35. Qc7 Qf7 36. Qxc6 Qxf3 37. Qc7 Qf7 38. Qe5 Qd7 39. Nc5 Qa7 40. Qh8+ 1-0

[Event "BCF-chT4 0708 (4NCL)"]
[Site "England"]
[Date "2008.05.05"]
[Round "11.3"]
[White "Thompson, Brian"]
[Black "Bromilow, Edward"]
[Result "1-0"]
[WhiteElo "1928"]
[BlackElo "1955"]
[PlyCount "127"]
[EventDate "2007.09.15"]
[EventType "team-swiss"]
[EventRounds "11"]
[EventCountry "ENG"]
[SourceTitle "EXT 2009"]
[Source "ChessBase"]
[SourceDate "2008.11.26"]
[SourceVersion "1"]
[SourceVersionDate "2008.11.26"]
[SourceQuality "1"]
[WhiteTeam "Nottinghamshire II"]
[BlackTeam "Grendel's Mother"]
[WhiteTeamCountry "ENG"]
[BlackTeamCountry "ENG"]

1. d4 Nf6 2. Nf3 e6 3. e3 b6 4. Bd3 Bb7 5. 0-0 g6 6. Nbd2 Bg7 7. b3 0-0 8. Bb2 d6 9. Rc1 Nbd7 10. c4 c5 11. Qc2 Rc8 12. e4 Nh5 13. d5 e5 14. g3 Rc7 15. Rfe1 Bc8 16. Nf1 Ndf6 17. Rcd1 Bg4 18. Be2 Bh6 19. Bc1 Bg7 20. Ne3 Bd7 21. a3 Ng4 22. Nxg4 Bxg4 23. Ng5 Bxe2 24. Qxe2 h6 25. Nf3 Kh7 26. Nh4 Bf6 27. Ng2 Bg5 28. f4 exf4 29. gxf4 Bh4 30. Rf1 Ng7 31. Qg4 Bf6 32. Rd3 Re7 33. f5 Qe8 34. fxg6+ fxg6 35. Re1 Qf7 36. Qd1 Bd4+ 37. Rxd4 Qf2+ 38. Kh1 cxd4 39. Bd2 Rxe4 40. Rg1 Qe2 41. Qxe2 Rxe2 42. Bb4 Nf5 43. Nf4 a5 44. Nxe2 axb4 45. axb4 d3 46. Nc3 Nd4 47. Rd1 Rf3 48. c5 bxc5 49. bxc5 dxc5 50. d6 Nc6 51. Ne4 d2 52. Rxd2 Rxb3 53. Nxc5 Rb8 54. d7 Nd8 55. Re2 Kg7 56. Re7+ Kf6 57. Re8 Kf7 58. Nd3 Kf6 59. Nc5 Kf7 60. Kg2 Rb5 61. Rxd8 Rxc5 62. Rc8 Rd5 63. d8Q Rxd8 64. Rxd8 1-0

[Event "BCF-chT3 0607 (4NCL)"]
[Site "Sunningdale"]
[Date "2006.11.11"]
[Round "3.7"]
[White "Bromilow, Edward"]
[Black "Gibbs, Daniel C"]
[Result "1-0"]
[WhiteElo "1965"]
[BlackElo "1985"]
[PlyCount "53"]
[EventDate "2006.09.16"]
[EventType "team-tourn"]
[EventRounds "11"]
[EventCountry "ENG"]
[SourceTitle "EXT 2008"]
[Source "ChessBase"]
[SourceDate "2007.11.25"]
[SourceVersion "1"]
[SourceVersionDate "2007.11.25"]
[SourceQuality "1"]
[WhiteTeam "Bristol II"]
[BlackTeam "Guildford IV"]
[WhiteTeamCountry "ENG"]
[BlackTeamCountry "ENG"]

1. d4 g6 2. e4 Bg7 3. Nf3 d6 4. Nc3 a6 5. Be3 Nd7 6. Qd2 h6 7. h3 e6 8. Bd3 b6 9. 0-0-0 Bb7 10. Kb1 Ne7 11. Rhe1 Kf8 12. Nh2 c5 13. Be2 d5 14. exd5 Bxd5 15. Bf3 Nf6 16. dxc5 bxc5 17. Bxc5 Rb8 18. b3 Qc7 19. Bxe7+ Kxe7 20. Bxd5 Rhd8 21. Qe3 Ng4 22. Nxg4 Qxc3 23. Qxc3 Bxc3 24. Re3 h5 25. Nh2 Rb5 26. Rxc3 Rbxd5 27. Rxd5 1-0